Breve noticia ácerca da constituição physica e geologica da parte de Portugal comprehendida entre os valles do Tejo e do Douro / (Record no. 163445)

MARC details
000 -LEADER
campo de control de longitud fija 00871nam a2200181 i 4500
001 - NÚMERO DE CONTROL
campo de control 163445
003 - IDENTIFICADOR DE NÚMERO DE CONTROL
campo de control ES-MaACL
005 - FECHA Y HORA DE LA ÚLTIMA TRANSACCIÓN
campo de control 20230906212736.0
008 - DATOS DE LONGITUD FIJA--INFORMACIÓN GENERAL
campo de control de longitud fija 050713s1870 po |||| | por d
100 1# - ENTRADA PRINCIPAL--NOMBRE DE PERSONA
Nombre de persona Ribeiro, Carlos.
9 (RLIN) 96751
245 10 - MENCIÓN DEL TÍTULO
Título Breve noticia ácerca da constituição physica e geologica da parte de Portugal comprehendida entre os valles do Tejo e do Douro /
Mención de responsabilidad, etc. por Carlos Ribeiro.
260 ## - PUBLICACIÓN, DISTRIBUCIÓN, ETC.
Lugar de publicación, distribución, etc. Lisboa :
Nombre del editor, distribuidor, etc. [s.n.],
Fecha de publicación, distribución, etc. 1870 (
Fabricante Typ. da Academia)
300 ## - DESCRIPCIÓN FÍSICA
Extensión 18 p. ;
Dimensiones 23 cm.
595 ## -
-- Extracto de: Jornal de sciencias mathematicas, physicas e naturaes, n. 7-8.
650 ## - PUNTO DE ACCESO ADICIONAL DE MATERIA--TÉRMINO DE MATERIA
Término de materia o nombre geográfico como elemento de entrada Geología-
Subdivisión geográfica Portugal.
9 (RLIN) 167306
710 2# - ENTRADA AGREGADA--NOMBRE DE ENTIDAD CORPORATIVA
Nombre de entidad corporativa o nombre de jurisdicción como elemento de entrada Academia das Ciências de Lisboa.
9 (RLIN) 1159
852 ## - LOCALIZACIÓN
Ubicación ES-MaACL
Número de control de estantería B-7964(3)
Nota libre - Enc. hol., conservando cub. original
-- - Dedicatoria ms. del autor a Federico de Botella y de Hornos
-- - Legado de Federico de Botella y Hornos
Holdings
Estatus retirado Estado de pérdida Estado de daño No para préstamo Colección Biblioteca de origen Biblioteca actual Ubicación en estantería Fecha de adquisición Fuente de adquisición Total de préstamos Signatura topográfica completa Código de barras Visto por última vez Precio de reemplazo Tipo de ítem Koha
        Libros del s. XIX Biblioteca del Ateneo de Madrid Biblioteca del Ateneo de Madrid Sala Pardo Bazán 17/01/2008     B-7964(3) 1171275 23/02/2023 23/02/2023 Libro impreso antiguo